Free for all (Record no. 74770)

MARC details
000 -LEADER
fixed length control field 00846cab a2200229 4500
001 - CONTROL NUMBER
control field ABS68660
008 - FIXED-LENGTH DATA ELEMENTS--GENERAL INFORMATION
fixed length control field 050126n2005 000 0 eng u
035 ## - SYSTEM CONTROL NUMBER
System control number (Sirsi) u128641
100 ## - MAIN ENTRY--PERSONAL NAME
Personal name Rose, A.
245 ## - TITLE STATEMENT
Title Free for all
260 ## - PUBLICATION, DISTRIBUTION, ETC.
Date of publication, distribution, etc. 2005
490 ## - SERIES STATEMENT
Series statement Estates Gazette
Volume/sequential designation (0502) 15 January 2005, 92-95(3)
520 ## - SUMMARY, ETC.
Summary, etc. Discusses the concept of right of access with regards to the Freedom of Information Act 2000 and the issue of how specifically the concept can be applied to the property industry where exemptions such as confidentiality and commercial interests applies.
590 ## - LOCAL NOTE (RLIN)
Local note ABS
650 ## - SUBJECT ADDED ENTRY--TOPICAL TERM
Topical term or geographic name entry element FREEDOM OF INFORMATION ACT 2000
650 ## - SUBJECT ADDED ENTRY--TOPICAL TERM
Topical term or geographic name entry element RIGHT OF ACCESS
650 ## - SUBJECT ADDED ENTRY--TOPICAL TERM
Topical term or geographic name entry element RENT REVIEWS
650 ## - SUBJECT ADDED ENTRY--TOPICAL TERM
Topical term or geographic name entry element SOUTH TYNESIDE BOROUGH COUNCIL V WICKES BUILDING SUPPLIES LTD
690 ## - LOCAL SUBJECT ADDED ENTRY--TOPICAL TERM (OCLC, RLIN)
Topical term or geographic name as entry element LAW-UK
700 ## - ADDED ENTRY--PERSONAL NAME
Personal name Cohen, R.
942 ## - ADDED ENTRY ELEMENTS (KOHA)
Suppress in OPAC 0
Holdings
Withdrawn status Lost status Source of classification or shelving scheme Damaged status Not for loan Home library Current library Shelving location Date acquired Total Checkouts Full call number Barcode Date last seen Copy number Price effective from Koha item type
    Dewey Decimal Classification     London London Journal article 26/01/2005   ABS68660 128641-1001 06/08/2019 1 06/08/2019 Journal article